1047 1315 1213 1426 1134 1745 1796 1993 1716 1893 1456 1011 1566 1809 1285 1675 1515 1178 1155 1512 1994 1975 1172 1299 1899 1451 1816 1675 1903 1083 1587 1520 1747 1831 1303 1191 1599 1086 1133 1660 1577 1386 1573 1776 1545 1663 1616 1233 1883 1264 1406 1482 1622 1777 1954 1787 1548 1925 1233 1597 1558 1910 1444 1536 1206 1511 1256 1616 1561 1633 1831 1045 1592 1500 1670 1603 1357 1402 1655 1126 1739 1473 1631 1874 1482 1707 1926 1691 1723 1342 1287 1620 1458 1446 1960 1975 1210 1694 1536 BCNSPRNW ULIB Ver.6.0+V

เปลี่ยนเป็นภาษาไทย

Change to English
 แสดงรายละเอียดบรรณานุกรม
  กลับหน้าหลัก

Brief Record : Get Marc (ISO 2709) : E-mail record : QR code < ปิดหน้าต่าง
LEADER : 00000nam 2200000uu 4500
001    13399108963
003     ULIB
008    110317s2552||||th 000 0 tha d
020    9789741149612
060 04 W84.6^bก281บ 2552
245 00 บริการปฐมภูมิทันยุค 2552 =^bUpdate in primary care 2009 /^cบรรณาธิการ, กฤษณะ สุวรรณภูมิ, ธเนศ แก่นสาร
246 31 Update in primary care 2009
260    สงขลา :^bภาควิชาเวชศาสตร์ชุมชน คณะแพทยศาสตร์มหาวิทยาลัยสงขลานครินทร์,^c2552
300    190 หน้า :^bภาพประกอบ ;^c27 ซม.
650  7 สุขภาพ^xการดูแล
650  7 บริการสุขภาพ
700 0  กฤษณะ สุวรรณภูมิ,^eบรรณาธิการ
700 0  ธเนศ แก่นสาร,^eบรรณาธิการ
710 2  มหาวิทยาลัยสงขลานครินทร์. ^bคณะแพทยศาสตร์.^bภาควิชาเวชศาสตร์ชุมชน
945    ^p0^l0^i026083
945    ^p0^l0^i026264
945    ^p0^l0^i026084
995    ทศพร
999 ^a ใช้งานได้ทุกระบบ
รายการนี้ยังไม่มีแท็ก
คุณยังไม่ได้ล็อกอิน คุณสามารถมีกิจกรรมร่วมกับเว็บไซต์ได้ แต่ต้องล็อกอินก่อน ::
  ล็อกอิน

รายการสื่อสารสนเทศ

ลำดับที่ ประเภท เลขเรียก/บาร์โค้ด สถานที่ สถานะ
- ไม่พบข้อมูล -

รายการใกล้เคียง
    หัวเรื่อง [บริการสุขภาพ]

BibComment


ยังไม่เคยถูกคอมเมนท์

คอมเมนท์ทรัพยากรรายการนี้
  คอมเมนท์: บริการปฐมภูมิทันย..


 Copyright 2026. Bcnsprnw @Library